The craft and science of game design : (Record no. 30509)
[ view plain ]
| 000 -LEADER | |
|---|---|
| fixed length control field | 00918nam a2200289 i 4500 |
| 003 - CONTROL NUMBER IDENTIFIER | |
| control field | EG-ScBUE |
| 005 - DATE AND TIME OF LATEST TRANSACTION | |
| control field | 20230904095505.0 |
| 008 - FIXED-LENGTH DATA ELEMENTS--GENERAL INFORMATION | |
| fixed length control field | 200219t2021 flua f 001 0 eng d |
| 020 ## - INTERNATIONAL STANDARD BOOK NUMBER | |
| International Standard Book Number | 9780367556532 |
| 040 ## - CATALOGING SOURCE | |
| Original cataloging agency | EG-ScBUE |
| Language of cataloging | eng |
| Description conventions | rda |
| Transcribing agency | EG-ScBUE |
| Modifying agency | EG-ScBUE |
| 082 04 - DEWEY DECIMAL CLASSIFICATION NUMBER | |
| Edition number | 22 |
| Classification number | 794.8 |
| Item number | OCO |
| 100 1# - MAIN ENTRY--PERSONAL NAME | |
| Personal name | O'Connor, Phil |
| Titles and other words associated with a name | (Video game designer), |
| Relator term | author. |
| 245 14 - TITLE STATEMENT | |
| Title | The craft and science of game design : |
| Remainder of title | a video game designer's manual / |
| Statement of responsibility, etc | Phil O'Connor. |
| 264 #1 - PUBLICATION, DISTRIBUTION, ETC. (IMPRINT) | |
| Place of publication, distribution, etc | Boca Raton : |
| Name of publisher, distributor, etc | CRC Press, |
| Date of publication, distribution, etc | 2021. |
| 264 #4 - PUBLICATION, DISTRIBUTION, ETC. (IMPRINT) | |
| Date of publication, distribution, etc | c2021 |
| 300 ## - PHYSICAL DESCRIPTION | |
| Extent | xi, 122 pages : |
| Other physical details | illustrations ; |
| Dimensions | 22 cm |
| 336 ## - CONTENT TYPE | |
| Content type term | text |
| Content type code | txt |
| Source | rdacontent |
| 337 ## - MEDIA TYPE | |
| Media type term | unmediated |
| Media type code | n |
| Source | rdamedia |
| 338 ## - CARRIER TYPE | |
| Carrier type term | volume |
| Carrier type code | nc |
| Source | rdacarrier |
| 500 ## - GENERAL NOTE | |
| General note | Includes index.<br/> |
| 650 #7 - SUBJECT ADDED ENTRY--TOPICAL TERM | |
| Topical term or geographic name as entry element | Video games |
| General subdivision | Design |
| -- | Vocational guidance. |
| Source of heading or term | BUEsh |
| 653 ## - INDEX TERM--UNCONTROLLED | |
| Resource For college | Arts and Design |
| Specialization | Game Design |
| 655 ## - INDEX TERM--GENRE/FORM | |
| Form subdivision | Reading book |
| 942 ## - ADDED ENTRY ELEMENTS (KOHA) | |
| Source of classification or shelving scheme | Dewey Decimal Classification |
| Koha item type | Book - Borrowing |
| 960 ## - PHYSICAL LOCATION (RLIN) | |
| Physical location, PLOC (RLIN) | 39002134802009 |
| 987 ## - LOCAL ROMANIZATION/CONVERSION HISTORY (OCLC) | |
| Date of conversion or review | ON ORDER |
| Withdrawn status | Lost status | Source of classification or shelving scheme | Damaged status | Not for loan | Collection code | Home library | Current library | Shelving location | Date acquired | Source of acquisition | Cost, normal purchase price | Serial Enumeration / chronology | Total Checkouts | Total Renewals | Full call number | Barcode | Date last seen | Date checked out | Cost, replacement price | Price effective from | Koha item type |
|---|---|---|---|---|---|---|---|---|---|---|---|---|---|---|---|---|---|---|---|---|---|
| Dewey Decimal Classification | Baccah | Central Library | Central Library | Second Floor | 04/09/2023 | Purchase | 1560.00 | 37586 | 1 | 1 | 794.8 OCO | 000056850 | 15/07/2025 | 29/09/2024 | 1950.00 | 04/09/2023 | Book - Borrowing | ||||
| Dewey Decimal Classification | Baccah | Central Library | Central Library | Second Floor | 05/04/2026 | Purchase | 3390.00 | 40179 | 794.8 OCO | 000057562 | 05/04/2026 | 4237.50 | 05/04/2026 | Book - Borrowing |